000 00335 a2200157 4500
001 58808
020 _a9788516054984
040 _cAnchieta - Pituba
100 _aApolinário, Maria Raquel
240 1 0 _aHistória 6
_lpor
245 1 0 _aHistória 6
300 _a239
362 0 _a2007
650 4 _aHistória do mundo
942 _cBK
999 _c58808
_d58808